BL dramas by bad description - Statistics

General Stats
  • This quiz has been taken 615 times
  • The average score is 5 of 15
Answer Stats
Hint Answer % Correct
A gay and his homophobic roommate. TharnType
95%
A guy stands up against his senior. Sotus: The Series
59%
A kid is afraid of loud noises and finds his love. Until We Meet Again
55%
A rich kid falls in love with a guy, because another guy bullies him. Love by Chance
43%
Person falls in love with his best friend who doesn't understand feelings. Theory of love
42%
Two couples end up together, because of a story. Why R U?
41%
A boy falls in love with a spirit. He's Coming To Me
38%
High school kid tries to ruin a gay relationship. Dark Blue Kiss
34%
There is a rich kid who is obsessed with his long time crush. 2Moons: The Series
25%
A sad boy falls in love with a guy who works at a cafe. Oxygen: The Series
22%
A high school kid falls in love with the guy he slept with. Make It Right: The Series
20%
Basically the anime Free, but a drama. Water Boyy: The series
20%
A confused boy falls in love in his sleep. My Dream: The Series
12%
Two bad boys fall in love with each other, because of what happened 4 years ago. HIStory3: Trapped
9%
A bully falls in love with a nerd. HIStory3: Make Our Days Count
8%
No matching quizzes found
Score Distribution
Percent of People with Each Score
Percentile by Number Answered
Your Score History
You have not taken this quiz